The World's 50 Largest Cities by Letter - U - Statistics

General Stats
  • This quiz has been taken 806 times
  • The average score is 10 of 50
Answers on the Map
Answers color-coded by a green-red scale on the quiz's map according to % correct below.
 
Answer Stats
# Population Country Urban Area % Correct
2 1,539,252 Mongolia Ulaanbaatar
93%
1 3,880,340 China Ürümqi
84%
6 947,716 Netherlands Utrecht
84%
3 1,149,103 Russia Ufa
67%
34 221,694 Sweden Uppsala
66%
23 295,267 Germany Ulm
52%
29 251,985 Italy Udine
45%
4 1,135,423 South Korea Ulsan
45%
40 192,116 United States Utica
45%
50 132,235 Sweden Umeå
38%
12 672,819 Russia Ulyanovsk
34%
17 437,565 Russia Ulan-Ude
30%
30 241,123 Japan Ube
28%
10 713,224 Brazil Uberlândia
25%
43 176,367 Ukraine Uzhhorod
19%
7 845,803 India Udaipur (Rajasthan)
18%
35 215,425 India Udaipur (Tripura)
18%
26 271,702 Czech Republic Ústí nad Labem
18%
5 1,066,756 Nigeria Uyo
18%
9 741,543 Iran Urmia
15%
38 200,705 Thailand Udon Thani
14%
8 819,259 Japan Utsunomiya
13%
19 365,724 Mexico Uruapán
12%
21 337,836 Brazil Uberaba
11%
14 613,312 India Ujjain
11%
22 320,779 Uzbekistan Urgench
8%
13 623,000 D.R. Congo Uvira
8%
15 519,196 Angola Uíge
7%
20 351,395 China Ulanqab
7%
31 233,502 Thailand Ubon Ratchathani
6%
32 229,463 Turkey Uşak
6%
41 182,149 Russia Ussuriysk
6%
42 179,217 Japan Ueda
5%
28 264,852 China Ulanhot
5%
11 690,815 Nigeria Umuahia
5%
18 373,613 India Udupi
4%
47 157,210 Nigeria Ugep
3%
24 294,434 Saudi Arabia Unaizah
3%
49 138,574 India Uran
3%
33 227,464 India Udhampur
2%
25 290,945 Nigeria Ughelli
2%
46 165,186 Pakistan Umerkot
2%
45 174,089 Sudan Umm Ruwabah
2%
16 494,646 India Unnao
2%
36 206,139 Philippines Urdaneta
2%
37 204,237 India Udgir
1%
27 269,349 Bangladesh Ulipur
1%
48 147,355 Nigeria Umunze
1%
44 175,145 India Udumalaippettai
0%
30 196,982 India Urun Islampur
0%
No matching quizzes found
Score Distribution
Percent of People with Each Score
Percentile by Number Answered
Your Score History
You have not taken this quiz